Technology and Human Capital in Historial Perspective /
שמור ב:
| מחבר ראשי: | |
|---|---|
| מחברים אחרים: | |
| פורמט: | ספר |
| שפה: | אנגלית |
| יצא לאור: |
Hampshire, Inglaterra :
Palgrave,
2004, c2004
|
| נושאים: | |
| תגים: |
אין תגיות, היה/י הראשונ/ה לתייג את הרשומה!
|
MARC
| LEADER | 00000nam^a2200000^a^4500 | ||
|---|---|---|---|
| 001 | 000182828 | ||
| 005 | 20250521000000.0 | ||
| 009 | 20260310102020.789 | ||
| 020 | |a 1-4039-2067-2 | ||
| 037 | |a Acervo ITESO - Biblioteca | ||
| 041 | |a ING | ||
| 082 | |a 338. 927 |b LJU | ||
| 100 | |a Ljungberg, Jonas |e (ed.) | ||
| 245 | 1 | 0 | |a Technology and Human Capital in Historial Perspective / |c Ed. y pref. de J. Ljungberg, J.P. Smits. |
| 264 | 4 | |a Hampshire, Inglaterra : |b Palgrave, |c 2004, c2004 | |
| 300 | |a XIII, 239 p. | ||
| 336 | |a texto |b txt |2 rdacontenido | ||
| 337 | |a sin mediación |b n |2 rdamedio | ||
| 338 | |a volumen |b nc |2 rdasoporte | ||
| 649 | |a XX | ||
| 650 | |a Educación Técnica - |x Aspectos Económicos | ||
| 650 | |a Educación Superior - |x Aspectos Económicos | ||
| 650 | |a Mercado de Trabajo - |z Suecia - |x Historia - |y Siglo XX | ||
| 650 | |a Industria Manufacturera - |z Suecia - |x Historia - |y Siglo XX | ||
| 650 | |a Revolución Industrial - |z Canadá - |x Historia - |y Dominio de Canadá, 1867-1911 | ||
| 650 | |a Industrialización - |z Suecia - |x Historia - |y Siglo XX | ||
| 650 | |a Industrialización - |z Portugal - |x Historia - |y Carlos I, 1889-1908 | ||
| 650 | |a Industrialización - |x Historia - |y Siglo XX | ||
| 650 | |a Transferencia de Tecnología - |z España - |x Historia - |y Franquismo, 1939-1975 | ||
| 650 | |a Desarrollo Tecnológico - |z Suecia - |x Historia - |y Siglo XX | ||
| 650 | |a Desarrollo Tecnológico - |z España - |x Historia - |y Franquismo, 1939-1975 | ||
| 650 | |a Desarrollo Tecnológico - |x Historia - |y Siglo XX | ||
| 650 | |a Desarrollo Económico-Social - |x Historia - |y Siglo XX | ||
| 650 | |a Tecnología - |x Historia - |y Siglo XX | ||
| 650 | |a Recursos Humanos - |x Historia - |y Siglo XX | ||
| 650 | |a Economía Laboral - |x Historia - |y Siglo XX | ||
| 650 | |a Economía - |x Historia - |y Siglo XX | ||
| 700 | |a Smits, Jan-Pieter |e (edición) | ||
| 910 | |a Fondo General | ||
| 920 | |a Impresos - Libros | ||
| 930 | |a Colección General | ||
| 905 | |a 101 | ||
| 901 | |a 0500122699 |b IT1 |c ACC |u 20250521 | ||
| 902 | |a https://opac.biblio.iteso.mx/vufind/Record/000182828 | ||